الشحاذ / (Record no. 3693)
[ view plain ]
| 000 -الفاتح | |
|---|---|
| حقل البيانات ثابتة الطول | 01030cam a22002775i 4500 |
| 003 - محدد رقم الضبط | |
| رقم الضبط | EG-ScBUE |
| 005 - وقت وتاريخ اخر تعامل مع التسجيلة | |
| رقم الضبط | 20210207122219.0 |
| 008 - عناصر البيانات ثابتة الطول - معلومات عامة | |
| حقل البيانات ثابتة الطول | 081013s1982 ua g 000 f ara d |
| 017 ## - رقم الإيداع القانونى | |
| رقم الإيداع القانونى | 2054 |
| 020 ## - الرقم الدولى المعيارى للكتب | |
| الرقم الدولى المعيارى للكتاب | 9773160106 |
| 040 ## - مصدر الفهرسة | |
| وكالة الفهرسة الأصلية | EG-ScBUE |
| لغة الفهرسة | ara |
| قواعد الوصف | rda |
| وكالة النسخ | EG-ScBUE |
| وكالة التعديل | EG-ScBUE |
| 082 04 - رقم تصنيف ديوى العشرى | |
| رقم التصنيف | 892.736 |
| رقم المادة | م ح ف |
| رقم الطبعة | 22 |
| 100 1# - المدخل الرئيسى - إسم شخصى | |
| الإسم الشخصى | محفوظ، نجيب، |
| التواريخ المصاحبة للاسم | 1911-2006، |
| الدور | مؤلف. |
| 245 12 - بيان العنوان | |
| العنوان | الشحاذ / |
| بيان المسئوليه,etc | تأليف نجيب محفوظ، الحائز على جائزة الدولة التقديرية وجائزة نوبل العالمية للآداب لعام 1988. |
| 250 ## - بيان الطبعة | |
| بيان الطبعة | الطبعة السابعة. |
| 264 #1 - النشر، التوزيع | |
| مكان الناشر او الموزع | القاهرة : |
| اسم الناشر او الموزع | مكتبة مصر، |
| تاريخ النشر أو التوزيع | 1982. |
| 300 ## - الوصف المادى | |
| التعداد | 173 صفحة ؛ |
| أبعاد الوعاء | 20 سم. |
| 336 ## - نوع المحتوى | |
| Carrier Type Term | نص |
| Content Type Code | txt |
| source | rdacontent |
| 337 ## - نوع الوسيط | |
| Media Type Term | بدون وسيط |
| Media Type Code | n |
| source | rdamedia |
| 338 ## - نوع الحامل أو الناقل | |
| Carrier Type Term | مجلد |
| Carrier Type Code | nc |
| source | rdacarrier |
| 490 0# - بيان السلسلة | |
| عنوان السلسلة | مطبوعات مكتبة مصر |
| 650 #7 - المدخل الاضافى بالموضوع-مصطلح موضوعى | |
| مصطلح موضوعي أو اسم جغرافي كعنصر مدخل | القصص العربية |
| التقسيم الفرعي الزمني | قرن 20. |
| مصدر الرأس أو المصطلح | BUEsh |
| 651 ## - المدخل الاضافى بالموضوع - اسم جغرافى | |
| مصدر الرأس أو المصطلح | BUEsh |
| 653 ## - مصطلح تكشيفى غير مقيد | |
| Resource For college | Arabic Literature |
| -- | Generalities |
| Arrived date list | February2021 |
| 942 ## - عناصر المدخل الإضافي( كوها) | |
| Koha [default] item type | Book - Borrowing |
| مصدر التصنيف او مخطط الترفيف | Dewey Decimal Classification |
| حالة التراجع | حالة الفقد | مصدر التصنيف او خطة الترفيف | حالة تلف | ليس للاعارة | مجموعات كوها | المكان الدائم | المكان الحالي | موقع الترفيف | تاريخ الاكتساب | Source of acquisition | سعر الشراء الطبيعي | رقم الاستدعاء | الباركود | Date last seen | مُعار | التكلفة | نوع الوعاء |
|---|---|---|---|---|---|---|---|---|---|---|---|---|---|---|---|---|---|
| Dewey Decimal Classification | سور الازبكية | Central Library | Central Library | Second Floor | 07/05/2007 | Purchase | 4.75 | 892.736 م ح ف | 000030583 | 15/07/2025 | 25/04/2021 | 5.94 | Book - Borrowing |